[Event "Sharjah op blitz"]
[Site "Sharjah"]
[Date "2014.07.09"]
[Round "2"]
[White "Tabada, Jobannie C"]
[Black "Rashed, Mohamed Al Kendi"]
[Result "1-0"]
[WhiteElo "2152"]
[BlackElo "1622"]
[PlyCount "57"]
[EventDate "2014.07.09"]
[EventType "swiss (blitz)"]
[EventRounds "9"]
[EventCountry "UAE"]
[SourceTitle "EXT 2016"]
[Source "ChessBase"]
[SourceDate "2015.10.08"]
[SourceVersion "1"]
[SourceVersionDate "2015.10.08"]
[SourceQuality "1"]

1. e4 c5 2. Nf3 Nc6 3. d4 cxd4 4. Nxd4 e5 5. Nb5 d6 6. c4 a6 7. N5a3 Be6 8. Nc3 Be7 9. Nc2 h6 10. Be2 Nf6 11. 0-0 0-0 12. Be3 Rc8 13. f3 Nd7 14. Qd2 f5 15. exf5 Bxf5 16. Nd5 Be6 17. Rad1 Bxd5 18. Qxd5+ Kh8 19. Kh1 Nf6 20. Qe6 Qd7 21. Qxd7 Nxd7 22. Bd3 Na5 23. b3 Nc5 24. Be2 Rfd8 25. b4 Nxc4 26. bxc5 Nxe3 27. Nxe3 Rxc5 28. Nd5 Bf8 29. f4 1-0